000 00305nam a22001337a 4500
008 170914b xxu||||| |||| 00| 0 eng d
020 _a9780205657001
041 _aeng
080 _a7
100 _a44
101 _aART
245 _aA HISTORY OF MUSIC IN WESTERN CULTURE
_cBONDS, M.E
942 _2udc
_cBK
999 _c27490
_d27490